Представление документа в формате RUSMARC

ПолеНазваниеЗначение
  Тип записи a
  Библиографический уровень m
001 Контрольный номер RU/REG73/CBS_GRAD/5be7b12c52cd43ecad056723490803e9
005 Дата корректировки 20260302160745.0
010 Индекс ISBN __
a ISBN 5-7519-0002-2
b Уточнения в пер.
9 Тираж 55000 экз.
100 Данные общей обработки __
a Данные общей обработки 20260302d1994 de y0rusy0189## ca
101 Язык документа 0_
a Язык текста rus
c Язык оригинала eng
102 Страна публикации __
a Страна публикации RU
105 Кодированные данные (монография) __
a Кодированные данные (монография) a z 000yy
200 Заглавие и сведения об ответственности 1_
a Заглавие Одежда для работы иотдыха
f Первые сведения об ответственности Жаклин Морли
g Последующие сведения об ответственности перевод с английского Е. Комиссарова
g Последующие сведения об ответственности художники М. Бергин, В.Багинска, Д. Джеймс и [др.]
g Последующие сведения об ответственности редактор Л. П. Костикова
203 Вид содержания и тип средства __
a Вид содержания Текст
b Характеристика содержания визуальный
c Тип средства непосредственный
210 Выходные данные 1_
a Место издания Москва
c Издательство РОСМЭН
d Дата издания 1994
215 Физическое описание __
a Объем 54 с.
d Формат 29 см
225 Серия 1_
a Серия Штрихи времени
f Сведения об ответственности автор Д. Салариа
606 Тематические рубрики 0_
a Основная рубрика Этнография
610 Ключевые слова 0_
a Ключевые слова история одежды
610 Ключевые слова 0_
a Ключевые слова домашняя одежда
610 Ключевые слова 0_
a Ключевые слова рабочая одежда
610 Ключевые слова 0_
a Ключевые слова военная форма
610 Ключевые слова 0_
a Ключевые слова спортивная одежда
686 Индексы других классификаций __
a Классификационный индекс 63.5
2 Код системы rubbk
700 Автор _1
a Фамилия Морли
b Имя (инициалы) Ж.
g Полное личное имя Жаклин
702 Вторичная интеллектуальная ответственность _1
a Фамилия Комиссаров
b Имя (инициалы) Е.
4 Код отношения 730
702 Вторичная интеллектуальная ответственность _1
a Фамилия Бертин
4 Код отношения 040
702 Вторичная интеллектуальная ответственность _1
a Фамилия Багинска
b Имя (инициалы) В.
4 Код отношения 040
702 Вторичная интеллектуальная ответственность _1
a Фамилия Джеймс
b Имя (инициалы) Д.
4 Код отношения 040
702 Вторичная интеллектуальная ответственность _1
a Фамилия Костикова
b Имя (инициалы) Л. П.
710 Наименование организации. (Первичная ответственность) 02
4 Код отношения 340
801 Источник записи _0
a Страна RU
b Организация RuCBSGrad
c Дата составления 20260302
g Правила каталогизации RCR
801 Источник записи _1
a Страна RU
b Организация RuCBSGrad
c Дата составления 20260302
g Правила каталогизации RCR
852 Данные о местонахождении __
a Наименование организации МБУК "ЦБС г.Димитровграда"
i Авторский знак Т 96
z Тип записи R
901 Тип документа __
t Тип документа m
909 Создатель записи __
a Создатель записи Гонюкова
b Дата создания записи 20260302